Common English Words Borrowed From Other Languages - Statistics

General Stats
  • This quiz has been taken 8 times
  • The average score is 1 of 25
Answer Stats
Answer % Correct
Algebra
25%
Kindergarten
25%
Shampoo
25%
Bungalow
13%
Café
13%
Ketchup
13%
Ballet
0%
Chocolate
0%
Cliché
0%
Cookie
0%
Dollar
0%
Fiancé
0%
Mosquito
0%
Piano
0%
Robot
0%
Safari
0%
Sofa
0%
Tattoo
0%
Tsunami
0%
Umbrella
0%
Violin
0%
Yacht
0%
Yoga
0%
Zebra
0%
Zero
0%
No matching quizzes found
Score Distribution
Percent of People with Each Score
Percentile by Number Answered
Your Score History
You have not taken this quiz